000 00573nam a22001697a 4500
999 _c20705
_d20705
003 BDDh-ASL
005 20231015025926.0
008 210113s1984 ii ||||| |||| 00| 0 eng d
040 _aBDDh-ASL
_cBDDh-ASL
082 _a954
_bSUB
245 1 0 _aSubaltern Studies III :
_bwritings on South Asian History and Society /
260 _aDelhi :
_bOxford University Press,
_c1984.
300 _av-3, x, 327 p. :
_c23 cm.
651 0 _aSouth Asia, দক্ষিণ এশিয়া, Dakṣiṇa ēśiẏā
_xHistory
_92178
700 1 _92735
_aGuha, Ranajit
942 _2ddc
_cBK